Hinduism : Essence and Consequence (Record no. 226482)

MARC details
000 -LEADER
fixed length control field 02941nam a22002177a 4500
005 - DATE AND TIME OF LATEST TRANSACTION
control field 20230131100536.0
008 - FIXED-LENGTH DATA ELEMENTS--GENERAL INFORMATION
fixed length control field 230131b ||||| |||| 00| 0 eng d
020 ## - INTERNATIONAL STANDARD BOOK NUMBER
International Standard Book Number 0706908341
040 ## - CATALOGING SOURCE
Transcribing agency AL
041 ## - LANGUAGE CODE
Language code of text/sound track or separate title English
082 ## - DEWEY DECIMAL CLASSIFICATION NUMBER
Edition number 23
Classification number 294.5
Item number SHOH
100 ## - MAIN ENTRY--PERSONAL NAME
Personal name Arun Shourie
100 ## - MAIN ENTRY--PERSONAL NAME
9 (RLIN) 70209
245 ## - TITLE STATEMENT
Title Hinduism : Essence and Consequence
Remainder of title A Study of the Upanishads the Gita and the Brahma Sutras
260 ## - PUBLICATION, DISTRIBUTION, ETC.
Place of publication, distribution, etc. New Delhi
Name of publisher, distributor, etc. Vikas Publishing house Pvt Ltd
Date of publication, distribution, etc. 1979
300 ## - PHYSICAL DESCRIPTION
Extent 414 p.
Other physical details HB
Dimensions 25x16 cm.
365 ## - TRADE PRICE
Currency code
Unit of pricing ₹125.00
520 ## - SUMMARY, ETC.
Summary, etc. INTRODUCTION <br/>Gandhiji used to say that we should look upon texts like the Gita as the <br/>works of poets, the works of great poets, true, but none the less just the <br/>works of poets. The texts as we now possess them, he used to say, have <br/>been through centuries of interpolation, distortion, deletion and distillation. <br/>We do not even know, he said, that a Rishi named Manu ever lived. So <br/>unsatisfactory did he find their state to be that he suggested that we bring <br/>out a revised edition of the scriptures. <br/>At one level this essay is an attempt to sketch out some of the reasons <br/>that may lead a sensitive individual like Gandhiji to conclusions such as <br/>these. <br/><br/>The essay is an exegesis of the praslltana-treyi— the 108 Upanishads, the <br/>Bhagvad Gita and the BraJima-Sutras — that is, of the triad on which our <br/>philosophical tradition rests. Much in these texts is profound. Much inthem <br/>is sound practical advice. But much in them is just nonsense. At another <br/>level, therefore, this essay is an attempt to sketch the consequences of a good <br/>thing being carried too far. <br/>The basic purpose of the essay, however, is to bare aspects of these <br/>texts which for centuries have provided convenient rationalizations for the <br/>existing state of affairs and which have helped reinforce the state of <br/>affairs. <br/>Much in the essay will offend the orthodox, much will be regarded as <br/>blasphemous. At a time when many are seeking to aggrandize their <br/>position by setting themselves up as the guardians of our heritage and <br/>abusing the work of others, it may be that this essay too will invite their <br/>compliments. <br/>Reflecting on the reception that his proposal for bringing out a revised <br/>edition of the scriptures was certain to receive at the bands of the orthodox, <br/>Gandhiji said, “The certainty' that the whole mass of Hindus and the per- <br/>sons accepted as religious leaders will not accept the validity of such autho- <br/>rity need not interfere with the sacred enterprise. Work done sincerely and <br/>in the spirit of service will have its effect on all in the long run and will most <br/>assuredly help those who are badly in need of such assistance," <br/>While this is a puny essay compared to “the sacred enterprise” he <br/>envisaged, I draw strength from the Mahatma’s assurance. <br/>
650 ## - SUBJECT ADDED ENTRY--TOPICAL TERM
Topical term or geographic name entry element Hinduism
9 (RLIN) 70210
700 ## - ADDED ENTRY--PERSONAL NAME
Personal name SHOURIE (Arun)
9 (RLIN) 70211
942 ## - ADDED ENTRY ELEMENTS (KOHA)
Source of classification or shelving scheme Dewey Decimal Classification
Koha item type Donated Books
Holdings
Withdrawn status Lost status Source of classification or shelving scheme Damaged status Not for loan Collection code Home library Current library Date acquired Total Checkouts Full call number Barcode Date last seen Price effective from Koha item type Public note
    Dewey Decimal Classification     General St Aloysius Library St Aloysius Library 12/10/2014   294.5 SHOH D05560 01/31/2023 01/31/2023 Donated Books Donated by V. T. Rajshekar